000 00876nam a22002535i 4500
001 169166
003 ES-MaACL
005 20230906214021.0
008 080820s2004 sp |||| | spa d
017 _aM-2-944-2004
020 _a84-7664-841-3
080 _a7 Navridis, Nikos (083.824)
100 1 _aNavridis, Nikos.
_9138237
245 1 0 _aNikos Navridis
_b: del 30 de enero al 14 [de] marzo de 2004, Sala de Exposiciones de la Fundación "la Caixa", Madrid.
260 _a[Barcelona] :
_bFundación "la Caixa",
_c2004.
300 _a165 p. :
_bil. col. ;
_c21 cm.
546 _aTexto en español e inglés.
600 1 4 _aNavridis, Nikos-
_vExposiciones.
_9138238
655 7 _2tgfbne
_9193628
_aCatálogos de exposiciones
710 2 _aFundació "la Caixa"
_9173255
852 4 _aES-MaACL
_jL-29536
_9R.143100
942 _2udc
999 _c169166
_d169166